happier (Lyrics)- Olivia Rodrigo - Statistics

General Stats
  • This quiz has been taken 129 times
    127 since last reset
  • The average score is 240 of 275
Answer Stats
Answer % Correct
you
100%
You
100%
a
98%
I
98%
We
98%
Your
98%
your
98%
An
97%
be
97%
happy
97%
know
97%
me?
97%
me
97%
no
97%
And
95%
But
95%
but
95%
do
95%
the
95%
girl
94%
happier
94%
hope
94%
so
94%
So
94%
you're
94%
don't
92%
on
92%
with
92%
go
91%
her
91%
how
91%
not
91%
One
91%
one
91%
she
91%
She
91%
someone
91%
to
91%
were
91%
like
89%
Like
89%
better
88%
broke
88%
ever
88%
love
88%
up
88%
You've
88%
you've
88%
are
86%
can't
86%
I'm
86%
let
86%
she's
86%
when
86%
ago
85%
friends
85%
in
85%
month
85%
beautiful
83%
find
83%
mine
83%
most
83%
my
83%
new
83%
tell
83%
kind
82%
now
82%
Ooh
82%
ooh-ooh
82%
Ooh-ooh
82%
seen?
82%
all
80%
butterflies
80%
great
80%
moved
80%
never
80%
Oh
80%
pretty
80%
probably
80%
about
79%
mean
79%
of
79%
who
79%
brings
77%
gives
77%
heart
77%
it
77%
just
77%
Just
77%
more
77%
out
77%
selfish
77%
was
77%
Does
76%
looks
76%
Remember
76%
found
74%
apart
73%
said
73%
best
71%
bullshit
71%
forgot
71%
sweet
71%
wish
71%
first
70%
loved
70%
think
70%
thought
70%
you'll
70%
really
68%
hands
67%
pickin'
67%
believed
65%
past
65%
say
65%
our
64%
baby
62%
eternal
62%
sunlight
61%
make
59%
down
58%
From
58%
meant
58%
miss
58%
cuttin'
53%
wretched
50%
will
48%
detached
47%
fondly
47%
No matching quizzes found
Score Distribution
Percent of People with Each Score
Percentile by Number Answered
Your Score History
You have not taken this quiz since the last reset